Normal view
MARC view
- ELECTROMECHANICAL TO MICROPROCESSOR-DIGITAL PROTECTION
Entry Topical Term
001 - CONTROL NUMBER
- control field: 77708
003 - CONTROL NUMBER IDENTIFIER
- control field: NUST
005 - DATE AND TIME OF LATEST TRANSACTION
- control field: 20210628205952.0
008 - FIXED-LENGTH DATA ELEMENTS
- fixed length control field: 210628|| aca||aabn | a|a d
040 ## - CATALOGING SOURCE
- Original cataloging agency: NUST
- Transcribing agency: NUST
150 ## - HEADING--TOPICAL TERM
- Topical term or geographic name entry element: ELECTROMECHANICAL TO MICROPROCESSOR-DIGITAL PROTECTION
670 ## - SOURCE DATA FOUND
- Source citation: Work cat.: (NUST): Singh, L. P 77707, Digital protection protective relaying from electromechanical to microprocessor, 1994
